000 02143nam0a2200337 i 4500
001 RU\NLR\BIBL_A\010456316
005 20241102065926.0
010 _a9785431202469
_920
021 _aRU
_b2014-45699
_92771
035 _a(NILC)RuMoRGB-007510006
035 _a(NLR Aleph) 010456316
090 _a9952935
_c9952935
100 _a20140901d2014 u y0rusy50 ca
101 0 _arus
102 _aRU
105 _aa|||j|||000yy
200 1 _aИсследование систем вихревой гидродинамики с использованием программного комплекса "Компьютерная динамика: ХАОС"
_eучебно-методическое пособие
_fА. А. Килин, А. О. Казаков, В. Г. Чигарев
_gМ-во образования и науки Рос. Федерации, ФГБОУ ВПО "Удмуртский гос. ун-т", Физико-энергетический фак., Лаб. нелинейного анализа и конструирования новых средств передвижения
210 _aИжевск
_cУдмуртский государственный университет
_d2014
215 _a63, [2] с.
_cил.
_d20
320 _aБиблиогр. в конце кн. (13 назв.)
606 _aВихревая гидродинамика
_jУчебно-методические пособия для высших учебных заведений
_91276938
_3RU\NLR\AUTH\66208359
606 1 _aДинамические системы
_jУчебно-методические пособия для высших учебных заведений
_xКомпьютерное моделирование
_92528384
_3RU\NLR\AUTH\661497777
686 1 _aВ253.315я73-1
700 1 _aКилин
_bА. А.
_gАлександр Александрович
701 1 _aКазаков
_bА. О.
_gАлексей Олегович
701 1 _aЧигарев
_bВ. Г.
_gВладимир Геннадьевич
801 0 _aRU
_bРГБ
_c20140623
_gRCR
942 _cBOOK
980 _aNBR